000 00827nam a2200253Ia 4500
003 OSt
005 20221005040512.0
006 a|||||r|||| 00| 0
007 ta
008 221004b |||||||| |||| 00| 0 eng d
020 _a9788120833319 (pbk)
_c395
024 _a96346
037 _b2006, 14/01/2009, Vidyanidhi Prakashan
_cTextual
040 _aCRL
_cCRL
_beng
041 _2eng
_aeng
082 _aQ43, P6
100 _aCurren Erik D.
_9589100
245 0 _aBuddha's not smiling
_b Uncovering corruption at the heart of Tibetan budhism today
260 _aDelhi
_bMotilal Banarsidass Publishers Private Limited India
_c2006
300 _axviii, 321p.
_ccm.
650 _aRELIGION
942 _hQ43, P6
_cTEXL
_2cc
999 _c947001
_d947001